00473 2200205 4500001002100000008004100021035002000062245003500082100001800117250000600135260003200141300001100173084001400184082000800198650001300206990001200219990001200231990001200243990001200255INLIS000000000000666 ind  a0010-0424000642 aCara Hidup HewancStave Parker aParker, Stave a1 aBandung :bPakar Rayac2007 a40 hlm a600 STA c a600 aNonfiksi a0721718 a0721719 a0721720 a0721721